Trouvez ces personnages One Piece en 2 min - Statistiques

Statistiques générales
  • Ce quiz a été pris 73 fois
  • Le résultat moyen est 15 sur 18
Statistiques - réponses
Par images Réponse % Correct
Dragon
100%
Vivi
97%
Sakazuki / Akainu
95%
Kidd
92%
Pudding
92%
Yasopp
92%
Icebarg
90%
Rouge
90%
Yamato
90%
Reiju
87%
Uta
84%
Charlos
81%
Kong
76%
Ryokugyu / Aramaki
76%
Gaimon
73%
Momonga
73%
Stronger
57%
Tyrannosaurus
30%
Aucun quiz correspondant
Distribution des résultats
% des personnes avec chaque résultat
Percentile par nombre de réponses
Votre historique - résultats
Vous n’avez pas pris ce quiz